[Event "Almansa op-B"]
[Site "Almansa"]
[Date "2013.08.09"]
[Round "7.3"]
[White "Bernabeu Lopez, Carlos Javier"]
[Black "Navarro Palma, Javier"]
[Result "0-1"]
[WhiteElo "1973"]
[BlackElo "1871"]
[PlyCount "88"]
[EventDate "2013.08.06"]
[EventType "swiss"]
[EventRounds "9"]
[EventCountry "ESP"]
[SourceTitle "EXT 2024"]
[Source "ChessBase"]
[SourceDate "2023.10.10"]
[SourceVersion "1"]
[SourceVersionDate "2023.10.10"]
[SourceQuality "1"]

1. e4 d6 2. d4 Nf6 3. Nc3 g6 4. f4 Bg7 5. Nf3 0-0 6. Bd3 Nc6 7. 0-0 e5 8. fxe5 dxe5 9. d5 Nd4 10. Bg5 h6 11. Bxf6 Bxf6 12. Nxd4 exd4 13. Ne2 Bg5 14. Nf4 Qd6 15. Qf3 Bd7 16. Rae1 Qe5 17. Kh1 h5 18. h3 Rae8 19. Bc4 Kg7 20. Nd3 Qe7 21. Qe2 Be3 22. Nf2 Qh4 23. Qf3 Bg4 24. Nxg4 hxg4 25. Qe2 Qg3 26. d6 gxh3 27. gxh3 Qxh3+ 28. Qh2 Qxh2+ 29. Kxh2 cxd6 30. Bd5 Re5 31. Kg2 b6 32. Rf3 f5 33. Ref1 f4 34. Rh1 Rc8 35. Bb3 Rg5+ 36. Kf1 Rh8 37. Rxh8 Kxh8 38. a4 Rg1+ 39. Ke2 g5 40. Rh3+ Kg7 41. Rh5 g4 42. Rg5+ Kh6 43. Rf5 f3+ 44. Kd3 f2 0-1

[Event "Almansa op-B"]
[Site "Almansa"]
[Date "2013.08.08"]
[Round "5.4"]
[White "Navarro Palma, Javier"]
[Black "Cao, Carlo"]
[Result "1/2-1/2"]
[WhiteElo "1871"]
[BlackElo "1736"]
[PlyCount "57"]
[EventDate "2013.08.06"]
[EventType "swiss"]
[EventRounds "9"]
[EventCountry "ESP"]
[SourceTitle "EXT 2024"]
[Source "ChessBase"]
[SourceDate "2023.10.10"]
[SourceVersion "1"]
[SourceVersionDate "2023.10.10"]
[SourceQuality "1"]

1. e4 c6 2. d4 d5 3. exd5 cxd5 4. c4 Nf6 5. Nc3 Nc6 6. Nf3 Bg4 7. Be3 e6 8. Be2 Bb4 9. a3 Bxc3+ 10. bxc3 Ne4 11. Qb3 Qd7 12. c5 0-0 13. h3 Bh5 14. g4 Bg6 15. Nh4 b6 16. cxb6 Rab8 17. Nxg6 hxg6 18. Qc2 Rxb6 19. Bd3 Nd6 20. Ke2 Rfb8 21. Rab1 Na5 22. Bf4 R8b7 23. Bxd6 Qxd6 24. Rxb6 Rxb6 25. Qa4 Rb2+ 26. Kf3 Nc6 27. Rb1 Rxb1 28. Bxb1 e5 29. Ba2 1/2-1/2

[Event "Almansa U2000 op 7th"]
[Site "Almansa"]
[Date "2012.08.08"]
[Round "3"]
[White "Perez Garcia, Juan Angel"]
[Black "Navarro Palma, Javier"]
[Result "0-1"]
[WhiteElo "1951"]
[BlackElo "1823"]
[PlyCount "76"]
[EventDate "2012.08.07"]
[EventType "swiss"]
[EventRounds "9"]
[EventCountry "ESP"]
[SourceTitle "EXT 2024"]
[Source "ChessBase"]
[SourceDate "2023.10.10"]
[SourceVersion "1"]
[SourceVersionDate "2023.10.10"]
[SourceQuality "1"]

1. e4 c5 2. Nf3 d6 3. d4 cxd4 4. Nxd4 Nf6 5. Nc3 g6 6. f4 Nc6 7. Nxc6 bxc6 8. e5 Nd7 9. exd6 exd6 10. Bd3 Be7 11. 0-0 0-0 12. f5 Ne5 13. Bh6 Re8 14. Ne4 Bxf5 15. Rxf5 gxf5 16. Nf2 Nxd3 17. Qxd3 Bg5 18. Qg3 f6 19. h4 Re3 20. Qxe3 Bxe3 21. Bxe3 Qc7 22. Bd4 Kf7 23. Nd3 c5 24. Be3 Qb7 25. Rf1 c4 26. Nf4 Qxb2 27. Rf2 Qxa2 28. Bd4 Qb1+ 29. Kh2 Qe1 30. c3 a5 31. Nd5 Qe4 32. Ne3 Qxh4+ 33. Kg1 Re8 34. Nxc4 Re1+ 35. Rf1 Rxf1+ 36. Kxf1 Qf4+ 37. Kg1 a4 38. Ne3 a3 0-1